[Event "Rio de Janeiro Duchamp op 4th"]
[Site "Rio de Janeiro"]
[Date "2022.12.07"]
[Round "1"]
[White "Serafim, Paulo Rogerio"]
[Black "Rothebarth, Ana Vitoria de Paul"]
[Result "0-1"]
[WhiteElo "1466"]
[BlackElo "1987"]
[PlyCount "60"]
[EventDate "2022.12.07"]
[EventType "swiss"]
[EventRounds "9"]
[EventCountry "BRA"]
[SourceTitle "CBM 211 Extra"]
[Source "ChessBase"]
[SourceDate "2023.01.31"]
[SourceVersion "1"]
[SourceVersionDate "2023.01.31"]
[SourceQuality "1"]

1. c4 e5 2. Nc3 Nf6 3. Nf3 Nc6 4. e3 Be7 5. d4 exd4 6. exd4 d5 7. Be2 0-0 8. 0-0 dxc4 9. Bxc4 Bg4 10. d5 Na5 11. Be2 Bb4 12. Qa4 Bxc3 13. bxc3 Qxd5 14. c4 Qe4 15. Be3 b6 16. Rfd1 Rad8 17. Qa3 Nxc4 18. Bxc4 Rxd1+ 19. Rxd1 Qxc4 20. Rc1 Qd5 21. Qxa7 Bxf3 22. gxf3 Qxf3 23. Qxc7 Nd5 24. Qe5 Nxe3 25. fxe3 h6 26. Rf1 Qc6 27. Rf2 Re8 28. Qf4 Qg6+ 29. Kf1 Qb1+ 30. Kg2 Qe4+ 0-1

[Event "Cuiaba Contaud op"]
[Site "Cuiaba"]
[Date "2019.06.02"]
[Round "6"]
[White "Rothebarth, Ana Vitoria de Paul"]
[Black "Boabaid, Jorge Alberto Duard"]
[Result "1-0"]
[WhiteElo "1997"]
[BlackElo "1811"]
[PlyCount "101"]
[EventDate "2019.05.31"]
[EventType "swiss"]
[EventRounds "6"]
[EventCountry "BRA"]
[SourceTitle "EXT 2020"]
[Source "ChessBase"]
[SourceDate "2019.10.17"]
[SourceVersion "1"]
[SourceVersionDate "2019.10.17"]
[SourceQuality "1"]

1. e4 e5 2. Nf3 Nc6 3. Bc4 Bc5 4. d3 Nf6 5. Bg5 h6 6. Bh4 d6 7. c3 0-0 8. b4 Bb6 9. Qb3 Qe7 10. a4 a6 11. Nbd2 Be6 12. 0-0 Nd8 13. Rfe1 Bxc4 14. Nxc4 Qe6 15. Bxf6 gxf6 16. Nh4 Kh7 17. Qd1 Rg8 18. Nxb6 cxb6 19. Nf5 Rg5 20. Qf3 Nc6 21. Qe3 Rag8 22. g3 Ne7 23. Nxe7 Qxe7 24. Qxb6 Rh5 25. Qe3 Qd7 26. Qf3 Qh3 27. Qg2 Qg4 28. Ra2 Qe6 29. Rb2 Rhg5 30. Re3 h5 31. c4 Qd7 32. a5 Qa4 33. Rb1 Qa2 34. Qf1 f5 35. exf5 Rxf5 36. Re2 Qa4 37. Qg2 Qd7 38. b5 axb5 39. Rxb5 Rb8 40. Reb2 Kg7 41. Qe4 Kf6 42. a6 b6 43. Rxb6 Rf4 44. Qe3 Rxb6 45. Rxb6 h4 46. c5 Rd4 47. Rxd6+ Rxd6 48. Qh6+ Kf5 49. Qh5+ Ke6 50. cxd6 Kxd6 51. Qxh4 1-0

[Event "Sao Paulo Haroldo Salles op"]
[Site "Sao Paulo"]
[Date "2019.05.10"]
[Round "3.1"]
[White "Rothebarth, Ana Vitoria de Paul"]
[Black "Da Conceicao, Daniel Firmino"]
[Result "0-1"]
[WhiteElo "1997"]
[BlackElo "1762"]
[PlyCount "72"]
[EventDate "2019.05.09"]
[EventType "swiss"]
[EventRounds "6"]
[EventCountry "BRA"]
[SourceTitle "EXT 2022"]
[Source "ChessBase"]
[SourceDate "2021.10.06"]
[SourceVersion "1"]
[SourceVersionDate "2021.10.06"]
[SourceQuality "1"]

1. e4 e5 2. Nf3 Nc6 3. Bb5 Nf6 4. d3 Bc5 5. Bxc6 dxc6 6. h3 0-0 7. Qe2 Bd6 8. Bg5 h6 9. Bh4 Re8 10. Nbd2 c5 11. g4 g5 12. Bg3 b5 13. Nf1 a5 14. Ne3 a4 15. h4 Nxg4 16. hxg5 hxg5 17. Rh5 f6 18. 0-0-0 Nxe3 19. Qxe3 Bf8 20. Rg1 Bg4 21. Rhh1 Bg7 22. Nh2 Be6 23. Qxc5 Qd7 24. a3 Bf8 25. Qe3 b4 26. axb4 a3 27. bxa3 Rxa3 28. Kd1 Qa4 29. Nf3 Bg4 30. Bxe5 Rxe5 31. Rxg4 Ra1+ 32. Ke2 Qxc2+ 33. Nd2 Rxh1 34. Qf3 Qd1+ 35. Ke3 Re1+ 36. Kd4 Qa1+ 0-1

[Event "Sao Paulo Haroldo Salles op"]
[Site "Sao Paulo"]
[Date "2019.05.09"]
[Round "1.1"]
[White "Rothebarth, Ana Vitoria de Paul"]
[Black "Costa, Iaggo Bernini"]
[Result "1-0"]
[WhiteElo "1997"]
[BlackElo "1516"]
[PlyCount "81"]
[EventDate "2019.05.09"]
[EventType "swiss"]
[EventRounds "6"]
[EventCountry "BRA"]
[SourceTitle "EXT 2022"]
[Source "ChessBase"]
[SourceDate "2021.10.06"]
[SourceVersion "1"]
[SourceVersionDate "2021.10.06"]
[SourceQuality "1"]

1. e4 e5 2. Nf3 Nf6 3. Nxe5 d6 4. Nf3 Nxe4 5. Nc3 Nxc3 6. dxc3 Be6 7. Nd4 Bd7 8. Be3 c5 9. Nb5 Qb6 10. c4 a6 11. Nc3 Be6 12. Qd2 Be7 13. Be2 Nd7 14. 0-0 0-0 15. Nd5 Bxd5 16. Qxd5 Nf6 17. Qf5 Rfd8 18. Bf3 Rab8 19. b3 Nd7 20. Rad1 Ne5 21. Bd5 Bf6 22. Rfe1 Qa5 23. a4 b5 24. axb5 axb5 25. f4 Ng6 26. Bd2 Qc7 27. cxb5 Rxb5 28. Qd3 Qb8 29. Bc4 Rb7 30. Qf3 Rbd7 31. Ba5 Rc8 32. Ba6 Rf8 33. Qc6 Bd4+ 34. Rxd4 cxd4 35. Qxd7 Nxf4 36. Qb7 h6 37. Qxb8 Rxb8 38. Bc7 Ra8 39. Bd3 Nxd3 40. cxd3 Ra3 41. Re4 1-0

[Event "Andorra op 36th"]
[Site "Escaldes"]
[Date "2018.07.26"]
[Round "6"]
[White "Shen, Christopher Y"]
[Black "Rothebarth, Ana Vitoria de Paul"]
[Result "1-0"]
[WhiteElo "2266"]
[BlackElo "2080"]
[PlyCount "73"]
[EventDate "2018.07.21"]
[EventType "swiss"]
[EventRounds "9"]
[EventCountry "AND"]
[SourceTitle "CBM 185 Extra"]
[Source "ChessBase"]
[SourceDate "2018.07.29"]
[SourceVersion "1"]
[SourceVersionDate "2018.07.29"]
[SourceQuality "1"]

1. c4 e5 2. g3 Nf6 3. Bg2 d5 4. cxd5 Nxd5 5. Nc3 Nb6 6. Nf3 Nc6 7. Rb1 Be7 8. b4 a6 9. a3 0-0 10. 0-0 Re8 11. d3 Bg4 12. h3 Bh5 13. Ne4 Rb8 14. Bb2 f6 15. Rc1 Qd7 16. Nc5 Bxc5 17. bxc5 Nd5 18. e4 Nde7 19. Nxe5 Nxe5 20. Qxh5 Nxd3 21. Rfd1 Qb5 22. Bf1 Qxb2 23. Bxd3 Ng6 24. Bc4+ Kh8 25. Bf7 Re5 26. Qg4 Nf8 27. Rb1 Qxa3 28. Rxb7 Rxb7 29. Qc8 Qxc5 30. Rd8 Rb1+ 31. Kg2 g6 32. Rxf8+ Kg7 33. Rh8 Rb8 34. Qxb8 Kxf7 35. Rxh7+ Ke6 36. Qc8+ Kd6 37. Qd7# 1-0

[Event "American Continental 14th"]
[Site "Montevideo"]
[Date "2018.06.07"]
[Round "7"]
[White "Rothebarth, Ana Vitoria de Paul"]
[Black "Chaves, Jorge Antonio Torre"]
[Result "1/2-1/2"]
[WhiteElo "2090"]
[BlackElo "1936"]
[PlyCount "126"]
[EventDate "2018.06.01"]
[EventType "swiss"]
[EventRounds "11"]
[EventCountry "URU"]
[SourceTitle "CBM 184 Extra"]
[Source "ChessBase"]
[SourceDate "2018.06.28"]
[SourceVersion "1"]
[SourceVersionDate "2018.06.28"]
[SourceQuality "1"]

1. e4 c5 2. Nf3 e6 3. g3 Nc6 4. Bg2 d6 5. 0-0 Nf6 6. Re1 Be7 7. c3 0-0 8. d4 cxd4 9. cxd4 e5 10. d5 Nb8 11. Nc3 Na6 12. a3 Bg4 13. h3 Bd7 14. Bd2 Qe8 15. b4 Bd8 16. Nh4 Bb6 17. Rc1 Bd4 18. Bg5 Kh8 19. Bxf6 gxf6 20. Qf3 Qe7 21. Nd1 Rg8 22. Ne3 Bxe3 23. Rxe3 Rac8 24. Rec3 Rxc3 25. Rxc3 Rc8 26. Bf1 Nb8 27. Kg2 Rxc3 28. Qxc3 Qd8 29. Be2 f5 30. exf5 f6 31. Qe3 b6 32. Qh6 Kg8 33. Bh5 Qf8 34. Qc1 Qc8 35. Qxc8+ Bxc8 36. Be8 Bb7 37. Kf3 Bxd5+ 38. Ke3 Nc6 39. Nf3 Ne7 40. Bd7 Kf7 41. Nd2 Ba2 42. Ne4 Nd5+ 43. Kd2 Nc7 44. g4 Ke7 45. Ba4 h6 46. h4 Bd5 47. f3 Bxe4 48. fxe4 d5 49. exd5 Nxd5 50. Bb3 Nf4 51. Ke3 Kd6 52. Bc4 a5 53. bxa5 bxa5 54. Ke4 Nh3 55. Bf7 Nf2+ 56. Kf3 Nd1 57. Ke4 Nc3+ 58. Ke3 Nb5 59. a4 Nd4 60. Ke4 Nc6 61. Be8 Nd4 62. Bf7 Nc6 63. Be6 Nd4 1/2-1/2

[Event "American Continental 14th"]
[Site "Montevideo"]
[Date "2018.06.01"]
[Round "1"]
[White "Rothebarth, Ana Vitoria de Paul"]
[Black "Flores, Diego"]
[Result "0-1"]
[WhiteElo "2090"]
[BlackElo "2614"]
[PlyCount "54"]
[EventDate "2018.06.01"]
[EventType "swiss"]
[EventRounds "11"]
[EventCountry "URU"]
[SourceTitle "CBM 184 Extra"]
[Source "ChessBase"]
[SourceDate "2018.06.28"]
[SourceVersion "1"]
[SourceVersionDate "2018.06.28"]
[SourceQuality "1"]

1. e4 c5 2. Nf3 e6 3. b3 b6 4. Bd3 Bb7 5. 0-0 Nf6 6. Re1 Be7 7. Bb2 0-0 8. e5 Nd5 9. Nc3 f5 10. Bf1 Nxc3 11. Bxc3 Qc7 12. Bb2 g5 13. d4 g4 14. Nd2 cxd4 15. Bxd4 Nc6 16. Bb2 Nd8 17. Nc4 Nf7 18. Qd4 Qc6 19. Qf4 Ng5 20. Qg3 Nh3+ 21. Kh1 h5 22. Bd4 h4 23. Qe3 Bg5 24. Qc3 Nf4 25. Nd6 h3 26. Qxc6 Bxc6 27. f3 hxg2+ 0-1

[Event "Brazil Foz do Iguacu op"]
[Site "Foz do Iguacu"]
[Date "2018.05.17"]
[Round "4"]
[White "Rothebarth, Ana Vitoria de Paul"]
[Black "Malbran, Guillermo"]
[Result "1/2-1/2"]
[WhiteElo "2102"]
[BlackElo "2214"]
[PlyCount "30"]
[EventDate "2018.05.16"]
[EventType "swiss"]
[EventRounds "9"]
[EventCountry "BRA"]
[SourceTitle "CBM 184 Extra"]
[Source "ChessBase"]
[SourceDate "2018.06.28"]
[SourceVersion "1"]
[SourceVersionDate "2018.06.28"]
[SourceQuality "1"]

1. e4 Nf6 2. e5 Nd5 3. d4 d6 4. Nf3 Bg4 5. c4 Nb6 6. exd6 exd6 7. Nc3 Be7 8. h3 Bh5 9. Be3 0-0 10. b3 Nc6 11. Be2 Bf6 12. Qd2 Bg6 13. 0-0 d5 14. c5 Nc8 15. Nh2 b6 1/2-1/2

[Event "Pocos de Caldas op"]
[Site "Pocos de Caldas"]
[Date "2018.03.04"]
[Round "6"]
[White "Barbosa, Flavio Novais"]
[Black "Rothebarth, Ana Vitoria de Paul"]
[Result "0-1"]
[WhiteElo "1867"]
[BlackElo "2104"]
[PlyCount "178"]
[EventDate "2018.03.02"]
[EventType "swiss"]
[EventRounds "6"]
[EventCountry "BRA"]
[SourceTitle "CBM 183 Extra"]
[Source "ChessBase"]
[SourceDate "2018.04.19"]
[SourceVersion "1"]
[SourceVersionDate "2018.04.19"]
[SourceQuality "1"]

1. d4 Nf6 2. Nf3 e6 3. Bf4 b6 4. e3 Bb7 5. Nbd2 Be7 6. h3 0-0 7. c3 c5 8. Bd3 cxd4 9. exd4 d6 10. Qe2 Nbd7 11. 0-0 Re8 12. Rfe1 Qc7 13. Ba6 Bf8 14. a4 Bxa6 15. Qxa6 Nb8 16. Qd3 Nc6 17. Ne4 Nxe4 18. Qxe4 Ne7 19. Bg3 Nd5 20. Ng5 Nf6 21. Qe2 Qc6 22. Qb5 Rec8 23. Ne4 Nxe4 24. Qxc6 Rxc6 25. Rxe4 d5 26. Re2 a6 27. Bf4 Be7 28. f3 Kf8 29. Kf1 h5 30. g4 Ke8 31. Rg2 hxg4 32. hxg4 Kd7 33. Rh2 Rcc8 34. Ke2 Bf8 35. Kd3 b5 36. axb5 axb5 37. Rxa8 Rxa8 38. Rh8 Rd8 39. b4 f6 40. g5 Ke7 41. gxf6+ Kxf6 42. Be5+ Kf7 43. Bc7 Rd7 44. Bb6 Rb7 45. Bd8 Bd6 46. Ba5 Be7 47. Rc8 Kg6 48. Rc7 Rxc7 49. Bxc7 Kf5 50. Bg3 Bg5 51. Be5 g6 52. Bg3 Bc1 53. Bh2 Kg5 54. Bg3 Kh5 55. Kc2 Bg5 56. Kd3 Bh6 57. Ke2 Kg5 58. Kd3 Kf5 59. Bh2 Bc1 60. Bg3 Bg5 61. Bf2 Bf4 62. Bg1 Bg3 63. Be3 Be1 64. Bc1 g5 65. Be3 Bg3 66. Bd2 Bf4 67. Be1 Kf6 68. Bf2 Bh2 69. Be3 Kg6 70. Bf2 Bf4 71. Be1 Kf5 72. Bf2 Bh2 73. Be3 Bg3 74. Bd2 Kg6 75. Be3 Kh5 76. Bd2 Kh4 77. Ke2 Bd6 78. Be3 Kh3 79. Bd2 Bf4 80. Be1 Kg2 81. Bf2 Bd2 82. Be3 Bxc3 83. Bxg5 Bxd4 84. Kd3 Bb6 85. Ke2 Kg3 86. f4 Kg4 87. Kd3 Bc7 88. Kd4 Bd6 89. Bh6 Kf5 0-1

[Event "Caioba Telecom op"]
[Site "Caioba"]
[Date "2017.09.30"]
[Round "6"]
[White "Rothebarth, Ana Vitoria de Paul"]
[Black "Nunes Filho, Marcelo Adriano"]
[Result "1-0"]
[WhiteElo "2120"]
[BlackElo "1860"]
[PlyCount "129"]
[EventDate "2017.09.28"]
[EventType "swiss"]
[EventRounds "8"]
[EventCountry "BRA"]
[SourceTitle "EXT 2020"]
[Source "ChessBase"]
[SourceDate "2019.10.17"]
[SourceVersion "1"]
[SourceVersionDate "2019.10.17"]
[SourceQuality "1"]

1. e4 d5 2. exd5 Nf6 3. d4 Nxd5 4. Nf3 g6 5. c4 Nb6 6. Nc3 Bg7 7. c5 Nd5 8. Bc4 e6 9. Bg5 f6 10. Bh4 0-0 11. 0-0 Nc6 12. a3 Nce7 13. Qb3 Kh8 14. Bg3 a6 15. Rfe1 g5 16. h3 h5 17. Rad1 Bh6 18. Qc2 Kg7 19. Qe2 Nf5 20. Bd3 Nde3 21. fxe3 Nxg3 22. Qf2 h4 23. Ne2 Nxe2+ 24. Qxe2 Rh8 25. Bc2 Bd7 26. Rf1 Qe7 27. Qd3 Be8 28. Qe4 Rb8 29. Nh2 Qf7 30. Bb3 Bc6 31. Qxe6 Qxe6 32. Bxe6 Be4 33. Ng4 Rhf8 34. Bf5 Rbe8 35. Bxe4 Rxe4 36. Rf5 Kg6 37. Rdf1 Bg7 38. R1f3 c6 39. Kf2 Re6 40. Ke2 Rb8 41. Rf2 b6 42. Kd3 bxc5 43. Rxc5 Bf8 44. Ra5 Rb6 45. b4 Bd6 46. Kc4 Be7 47. Rf3 Bd6 48. Nf2 Bf8 49. Nd3 Kf7 50. Nc5 Bxc5 51. dxc5 Rb7 52. Rxa6 Rd7 53. a4 Rd1 54. Kc3 Rg1 55. Ra7+ Ke8 56. Kd3 Rxg2 57. b5 cxb5 58. axb5 Rb2 59. b6 Kd8 60. Kc3 Rb1 61. Kc4 Rb2 62. Rf5 Rxe3 63. Rxf6 Re8 64. Rd6+ Kc8 65. Ra8+ 1-0

[Event "BRA-ch (Women) 56th"]
[Site "Rio de Janeiro"]
[Date "2017.02.20"]
[Round "7"]
[White "Feliciano Ebert, Vanessa"]
[Black "Rothebarth, Ana Vitoria de Paul"]
[Result "1/2-1/2"]
[WhiteElo "2200"]
[BlackElo "2039"]
[PlyCount "104"]
[EventDate "2017.02.16"]
[EventType "tourn"]
[EventRounds "9"]
[EventCountry "BRA"]
[EventCategory "9"]
[SourceTitle "CBM 177 Extra"]
[Source "ChessBase"]
[SourceDate "2017.04.27"]
[SourceVersion "1"]
[SourceVersionDate "2017.04.27"]
[SourceQuality "1"]

1. e4 e5 2. Nf3 Nc6 3. Bc4 Bc5 4. b4 Bxb4 5. c3 Ba5 6. d4 b5 7. Bxb5 Nxd4 8. Nxd4 exd4 9. 0-0 dxc3 10. Bc4 Ne7 11. Bxf7+ Kxf7 12. Qh5+ Kg8 13. Qxa5 h6 14. Bf4 d6 15. Nxc3 Kh7 16. Nb5 Rf8 17. Bg3 Bd7 18. Rac1 a6 19. Nc3 Nc6 20. Qa3 Qb8 21. Nd5 Qa7 22. Kh1 Rfc8 23. Qd3 Ne5 24. Bxe5 Bb5 25. Qg3 dxe5 26. Rfd1 c6 27. Qxe5 Qxf2 28. Nf4 c5 29. Ne6 Ra7 30. Nf4 Rf7 31. Nh3 Qf6 32. Qg3 Rd8 33. e5 Rxd1+ 34. Rxd1 Qf5 35. Qe3 Bc6 36. Kg1 Qc2 37. Qd3+ Qxd3 38. Rxd3 Bb5 39. Rd1 Re7 40. Re1 Kg6 41. g4 c4 42. Kf2 c3 43. Nf4+ Kf7 44. e6+ Ke8 45. Nd5 Rb7 46. Nxc3 Bc4 47. Ne4 Ke7 48. a4 Rb6 49. Rc1 Bxe6 50. Rc7+ Kf8 51. h3 Rb4 52. Nc5 Bf7 1/2-1/2

[Event "BRA-ch (Women) 56th"]
[Site "Rio de Janeiro"]
[Date "2017.02.20"]
[Round "8"]
[White "Rothebarth, Ana Vitoria de Paul"]
[Black "Heinrichs, Vivian"]
[Result "1/2-1/2"]
[WhiteElo "2039"]
[BlackElo "1985"]
[PlyCount "112"]
[EventDate "2017.02.16"]
[EventType "tourn"]
[EventRounds "9"]
[EventCountry "BRA"]
[EventCategory "9"]
[SourceTitle "CBM 177 Extra"]
[Source "ChessBase"]
[SourceDate "2017.04.27"]
[SourceVersion "1"]
[SourceVersionDate "2017.04.27"]
[SourceQuality "1"]

1. Nf3 d5 2. b3 Bg4 3. e3 c6 4. Bb2 Nd7 5. Be2 Ngf6 6. 0-0 e6 7. c4 Be7 8. d4 0-0 9. Nc3 h6 10. Qc2 Re8 11. Rad1 Qc7 12. Rfe1 Rad8 13. a3 a5 14. Rc1 Qb8 15. c5 Rc8 16. b4 b6 17. Ra1 bxc5 18. bxc5 Qa7 19. Bc1 Bf5 20. Bd3 Bxd3 21. Qxd3 e5 22. Qc2 e4 23. Nd2 Qc7 24. Nf1 Nh7 25. Bd2 Nhf8 26. Rab1 Rb8 27. Rxb8 Rxb8 28. Rb1 Ne6 29. Rxb8+ Qxb8 30. Qa4 Qa8 31. Nxd5 Bd8 32. Nf4 Nxf4 33. exf4 Nf6 34. Qc2 Bc7 35. Ng3 Qe8 36. h3 Qd8 37. Be3 Qe8 38. Qb1 Kh8 39. Qb7 Nd5 40. Ne2 f5 41. Nc3 Nxc3 42. Qxc7 Qe6 43. Qxa5 Qb3 44. Kh2 Kh7 45. g4 Nd5 46. Qd2 Qxa3 47. gxf5 Qb3 48. Qe2 Qc3 49. Kg2 Nf6 50. Qd2 Qb3 51. Qe2 Qd5 52. Qb2 Qxf5 53. Qb7 Qg6+ 54. Kh2 Nd5 55. Qd7 Qh5 56. Qg4 Qf7 1/2-1/2